| 000 | 00560nam a2200169 a 4500 | ||
|---|---|---|---|
| 040 | _cViBlbV | ||
| 082 | _a631 VIR 1989 A054 Or. | ||
| 245 | 0 | 0 | _a1987 Virginia crop irrigation water use. |
| 260 |
_a[Richmond?] : _bVirginia State Water Control Board, _c1989. |
||
| 300 |
_a1 v. (various pagings) : _bill., maps ; _c28 cm. |
||
| 490 | 1 | _aBasic data bulletin / Virginia State Water Control Board ; | |
| 500 | _aCover title: Virginia crop irrigation water use report for 1987. | ||
| 650 | 0 | _aIrrigation | |
| 650 | 0 | _aCrops | |
| 710 | 1 | _aVirginia. | |
| 942 | _cEK | ||
| 999 |
_c14980 _d14980 |
||